Państwa śródlądowe w Europie. - Statystyki

Ogólne statystyki
  • Ten quiz został rozwiązany 141 razy
  • Średni wynik to 14 z 15
Statystyki odpowiedzi
Odpowiedź % Poprawnych
9 Czechy
97%
6 Serbia
97%
8 Slowacja
97%
2 Andora
96%
12 Węgry
96%
13 Białoruś
94%
1 Liechtenstein
94%
5 Luksemburg
94%
4 San Marino
94%
10 Austria
93%
3 Watykan
93%
7 Macedonia Północna
91%
11 Szwajcaria
90%
15 Kosowo
88%
14 Moldawia
85%
Nie znaleziono quizów pasujących do podanych kryteriów
Rozkład punktacji
Procent ludzi z każdym wynikiem
Percentyl według liczby udzielonych odpowiedzi
Twoja historia wyników
Nie rozwiązałeś tego quizu